[Event "Esbjerg"]
[Site "Esbjerg"]
[Date "1988.??.??"]
[Round "?"]
[White "Kupreichik, Viktor"]
[Black "Adorjan, Andras"]
[Result "1/2-1/2"]
[WhiteElo "2445"]
[BlackElo "2520"]
[PlyCount "46"]
[EventDate "1988.07.??"]
[EventType "tourn"]
[EventRounds "11"]
[EventCountry "DEN"]
[EventCategory "11"]
[Source "ChessBase"]
[SourceDate "1989.06.01"]
[WhiteTeamCountry "CUB"]
[BlackTeamCountry "HUN"]

1. e4 c6 2. Nc3 d5 3. d4 dxe4 4. Nxe4 Nd7 5. Bd3 Ngf6 6. c3 Nxe4 7. Bxe4 Nf6 8.
Bc2 Bg4 9. Ne2 e6 10. Bf4 Nd5 11. Be5 Bd6 12. h3 Bh5 13. Qd2 Bxe5 14. dxe5 Qc7
15. Qg5 Bxe2 16. Kxe2 h6 17. Qg3 g5 18. Rhe1 Qb6 19. b3 Qc5 20. c4 Nf4+ 21. Kf1
O-O-O 22. Qc3 Rd7 23. Rad1 Rhd8 1/2-1/2

[Event "Esbjerg"]
[Site "Esbjerg"]
[Date "1988.??.??"]
[Round "?"]
[White "Rasmussen, Karsten"]
[Black "Adorjan, Andras"]
[Result "1/2-1/2"]
[WhiteElo "2480"]
[BlackElo "2520"]
[PlyCount "22"]
[EventDate "1988.07.??"]
[EventType "tourn"]
[EventRounds "11"]
[EventCountry "DEN"]
[EventCategory "11"]
[Source "ChessBase"]
[SourceDate "1989.06.01"]
[WhiteTeamCountry "CUB"]
[BlackTeamCountry "HUN"]

1. c4 c5 2. g3 g6 3. Bg2 Bg7 4. Nc3 Nc6 5. e3 e6 6. Nge2 Nge7 7. O-O O-O 8. d4
cxd4 9. Nxd4 d5 10. cxd5 Nxd5 11. Nxd5 Nxd4 1/2-1/2

[Event "Esbjerg"]
[Site "Esbjerg"]
[Date "1988.??.??"]
[Round "?"]
[White "Watson, William Nicholas"]
[Black "Adorjan, Andras"]
[Result "1/2-1/2"]
[WhiteElo "2500"]
[BlackElo "2520"]
[PlyCount "34"]
[EventDate "1988.07.??"]
[EventType "tourn"]
[EventRounds "11"]
[EventCountry "DEN"]
[EventCategory "11"]
[Source "ChessBase"]
[SourceDate "1989.06.01"]
[WhiteTeamCountry "CUB"]
[BlackTeamCountry "HUN"]

1. e4 c6 2. d4 d5 3. Nc3 dxe4 4. Nxe4 Nd7 5. Bc4 Ngf6 6. Ng5 e6 7. Qe2 Nb6 8.
Bb3 h6 9. N5f3 c5 10. Bf4 Nfd5 11. Be5 c4 12. Bxc4 Bb4+ 13. Kf1 Nxc4 14. Qxc4
O-O 15. Qd3 Be7 16. Ne2 a5 17. a4 Nb4 1/2-1/2

[Event "Thessaloniki ol (Men)"]
[Site "Thessaloniki"]
[Date "1988.11.15"]
[Round "3"]
[White "Pekarek, Ales"]
[Black "Adorjan, Andras"]
[Result "1/2-1/2"]
[WhiteElo "2455"]
[BlackElo "2515"]
[PlyCount "40"]
[EventDate "1988.11.13"]
[EventType "swiss ()"]
[EventRounds "14"]
[EventCountry "GRE"]
[Source "ChessBase"]
[SourceDate "1994.03.01"]
[WhiteTeam "Czechoslovakia"]
[BlackTeam "Hungary"]
[WhiteTeamCountry "CSR"]
[BlackTeamCountry "HUN"]

1. Nf3 c5 2. c4 Nf6 3. Nc3 e6 4. g3 b6 5. Bg2 Bb7 6. O-O d6 7. d4 cxd4 8. Qxd4
a6 9. Rd1 Be7 10. b3 Nbd7 11. Bb2 O-O 12. h3 Qc7 13. Rac1 Rac8 14. Qe3 Rfe8 15.
Nd4 Bxg2 16. Kxg2 Bf8 17. Kg1 Qb8 18. Qf3 Ne5 19. Qg2 Rc7 20. Ne4 Nxe4 1/2-1/2

[Event "Thessaloniki ol (Men)"]
[Site "Thessaloniki"]
[Date "1988.11.18"]
[Round "5"]
[White "Georgiev, Krum"]
[Black "Adorjan, Andras"]
[Result "1/2-1/2"]
[WhiteElo "2465"]
[BlackElo "2515"]
[PlyCount "37"]
[EventDate "1988.11.13"]
[EventType "swiss ()"]
[EventRounds "14"]
[EventCountry "GRE"]
[Source "ChessBase"]
[SourceDate "1994.03.01"]
[WhiteTeam "Bulgaria"]
[BlackTeam "Hungary"]
[WhiteTeamCountry "BUL"]
[BlackTeamCountry "HUN"]

1. e4 c6 2. d4 d5 3. Nd2 dxe4 4. Nxe4 Nd7 5. Nf3 Ngf6 6. Nxf6+ Nxf6 7. Ne5 Nd7
8. Nf3 Nf6 9. Ne5 Nd7 10. Nd3 g6 11. c3 Bg7 12. Be2 e5 13. dxe5 Nxe5 14. Nxe5
Qxd1+ 15. Bxd1 Bxe5 16. Bh6 Be6 17. Bb3 Bxb3 18. axb3 Kd7 19. O-O-O+ 1/2-1/2

[Event "Thessaloniki ol (Men)"]
[Site "Thessaloniki"]
[Date "1988.11.19"]
[Round "6"]
[White "Hellers, Ferdinand"]
[Black "Adorjan, Andras"]
[Result "1-0"]
[WhiteElo "2490"]
[BlackElo "2515"]
[PlyCount "81"]
[EventDate "1988.11.13"]
[EventType "swiss ()"]
[EventRounds "14"]
[EventCountry "GRE"]
[Source "ChessBase"]
[SourceDate "1994.03.01"]
[WhiteTeam "Sweden"]
[BlackTeam "Hungary"]
[WhiteTeamCountry "SWE"]
[BlackTeamCountry "HUN"]

1. e4 c6 2. d4 d5 3. Nc3 dxe4 4. Nxe4 Nd7 5. Bc4 Ngf6 6. Ng5 e6 7. Qe2 Nb6 8.
Bd3 h6 9. N5f3 c5 10. Be3 a6 11. c3 Nbd5 12. Ne5 Qc7 13. Ngf3 b6 14. O-O Bd6
15. Rac1 Bb7 16. Bd2 O-O 17. Bb1 cxd4 18. cxd4 Qe7 19. a3 a5 20. Rfe1 Ba6 21.
Qd1 Rac8 22. Rxc8 Rxc8 23. g4 Bb7 24. Qe2 Ba8 25. Qd3 Qb7 26. h4 Ne7 27. g5 Nf5
28. gxf6 Bxe5 29. Rxe5 Qxf3 30. Qxf3 Bxf3 31. Bxf5 exf5 32. Rxf5 Rc2 33. Bc3
Bb7 34. fxg7 Kxg7 35. h5 Be4 36. Re5 Rc1+ 37. Kh2 Rh1+ 38. Kg3 Rg1+ 39. Kf4 f5
40. d5 Kf7 41. d6 1-0

[Event "Thessaloniki ol (Men)"]
[Site "Thessaloniki"]
[Date "1988.11.25"]
[Round "11"]
[White "Kovacevic, Vlatko"]
[Black "Adorjan, Andras"]
[Result "1/2-1/2"]
[WhiteElo "2560"]
[BlackElo "2515"]
[PlyCount "46"]
[EventDate "1988.11.13"]
[EventType "swiss ()"]
[EventRounds "14"]
[EventCountry "GRE"]
[Source "ChessBase"]
[SourceDate "1994.03.01"]
[WhiteTeam "Yugoslavia"]
[BlackTeam "Hungary"]
[WhiteTeamCountry "YUG"]
[BlackTeamCountry "HUN"]

1. d4 Nf6 2. Nf3 e6 3. e3 b6 4. Bd3 Bb7 5. Nbd2 c5 6. O-O Be7 7. Re1 O-O 8. c3
d5 9. Ne5 Nbd7 10. Bc2 Qc7 11. f4 b5 12. a3 Rac8 13. Bd3 a6 14. Qf3 Nb6 15. g4
Nc4 16. g5 Nxe5 17. fxe5 Ne4 18. Nxe4 dxe4 19. Bxe4 Bxe4 20. Qxe4 Bxg5 21. Rf1
h6 22. Rf2 Qc6 23. Qxc6 Rxc6 1/2-1/2

[Event "HUN-chT 8889"]
[Site "Hungary"]
[Date "1989.??.??"]
[Round "?"]
[White "Adorjan, Andras"]
[Black "Groszpeter, Attila"]
[Result "1-0"]
[WhiteElo "2525"]
[BlackElo "2500"]
[PlyCount "95"]
[EventDate "1989.??.??"]
[EventType "team"]
[EventRounds "13"]
[EventCountry "HUN"]
[Source "ChessBase"]
[SourceDate "2009.11.30"]
[WhiteTeamCountry "YUG"]
[BlackTeamCountry "HUN"]

1. d4 Nf6 2. Nf3 g6 3. c4 Bg7 4. g3 d5 5. Bg2 dxc4 6. Na3 c3 7. bxc3 O-O 8. O-O
c5 9. e3 Nc6 10. Qe2 Qa5 11. Bb2 Bf5 12. Rfc1 Be4 13. Nc4 Qa6 14. Bf1 Rac8 15.
Nfd2 b5 16. Ne5 c4 17. Nxe4 Nxe4 18. Nxc6 Qxc6 19. Bg2 f5 20. a4 a6 21. Ba3 Qe6
22. Bb4 Ra8 23. axb5 axb5 24. Ra2 Rxa2 25. Qxa2 Bh6 26. Re1 Kf7 27. Qa7 Rd8 28.
Qb7 Rd5 29. Ra1 Qd7 30. Qb8 Qd8 31. Qxd8 Rxd8 32. Ra7 Bg5 33. h4 Bf6 34. Bxe4
fxe4 35. Rb7 Rd5 36. Bc5 h5 37. Rxb5 e5 38. Rb4 exd4 39. cxd4 Rd7 40. Rxc4 Ke6
41. Ra4 Rb7 42. Ra6+ Kf5 43. Rb6 Rc7 44. Kg2 Rc8 45. f3 Bd8 46. fxe4+ Kxe4 47.
Rxg6 Ra8 48. Re6+ 1-0

[Event "Hungary"]
[Site "Hungary "]
[Date "1989.??.??"]
[Round "?"]
[White "Adorjan, Andras"]
[Black "Sax, Gyula"]
[Result "1-0"]
[WhiteElo "2525"]
[BlackElo "2610"]
[PlyCount "171"]
[EventDate "1989.??.??"]
[EventType "game"]
[EventCountry "HUN"]
[Source "ChessBase"]
[SourceDate "2009.11.30"]
[WhiteTeamCountry "YUG"]
[BlackTeamCountry "HUN"]

1. d4 Nf6 2. Nf3 e6 3. c4 b6 4. g3 Ba6 5. b3 Bb4+ 6. Bd2 Be7 7. Bg2 c6 8. Bc3
d5 9. Nbd2 Nbd7 10. O-O O-O 11. Re1 c5 12. e4 dxe4 13. Ng5 cxd4 14. Bxd4 Bb7
15. Ndxe4 Qc7 16. Nxf6+ Bxf6 17. Bxb7 Qxb7 18. Qf3 Qc7 19. Bxf6 Nxf6 20. Rad1
Rad8 21. Ne4 Nxe4 22. Rxe4 Qc5 23. Rd3 Qa3 24. Re2 Qc1+ 25. Kg2 g6 26. h4 h5
27. a4 Rfe8 28. Ree3 Qc2 29. Qe4 Kf8 30. Rf3 f5 31. Qe3 Rxd3 32. Qxd3 Qxd3 33.
Rxd3 Ke7 34. Kf3 Rc8 35. Kf4 Kf6 36. Rd7 a6 37. Ke3 Rc6 38. Kd4 e5+ 39. Kd5
Rc5+ 40. Kd6 f4 41. gxf4 exf4 42. Rb7 Re5 43. Rf7+ Kxf7 44. Kxe5 a5 45. Kxf4
Kf6 46. f3 g5+ 47. hxg5+ Kg6 48. Ke5 Kxg5 49. f4+ Kg6 50. Ke6 Kg7 51. f5 Kf8
52. b4 axb4 53. c5 bxc5 54. a5 b3 55. a6 b2 56. a7 b1=Q 57. a8=Q+ Kg7 58. f6+
Kh6 59. Qh8+ Kg5 60. Qg8+ Kf4 61. f7 Qf5+ 62. Kd6 Qe5+ 63. Kc6 Qe6+ 64. Kb5
Qd7+ 65. Ka6 Qc6+ 66. Ka5 Qc7+ 67. Kb5 Qd7+ 68. Kxc5 Qc7+ 69. Kd5 Qd7+ 70. Kc4
Qc6+ 71. Kd3 Qf3+ 72. Kd4 Qe4+ 73. Kc5 Qe7+ 74. Kc6 Qe6+ 75. Kc7 Qe7+ 76. Kc8
Qe6+ 77. Kd8 Qd6+ 78. Ke8 Qe5+ 79. Kd7 Qd5+ 80. Ke7 Qe5+ 81. Kf8 h4 82. Qg6 h3
83. Kg8 Qd5 84. Kh7 Qd7 85. Qf6+ Ke3 86. Kh8 1-0

[Event "Altensteig"]
[Site "Altensteig"]
[Date "1989.??.??"]
[Round "?"]
[White "Adorjan, Andras"]
[Black "Kindermann, Stefan"]
[Result "1-0"]
[WhiteElo "2530"]
[BlackElo "2530"]
[PlyCount "77"]
[EventDate "1989.07.??"]
[EventType "tourn"]
[EventRounds "11"]
[EventCountry "GER"]
[EventCategory "10"]
[Source "ChessBase"]
[SourceDate "1990.02.01"]
[WhiteTeamCountry "YUG"]
[BlackTeamCountry "HUN"]

1. Nf3 g6 2. c4 Bg7 3. d4 Nf6 4. g3 O-O 5. Bg2 d5 6. O-O dxc4 7. Na3 c3 8. bxc3
c5 9. e3 Nc6 10. Qe2 Qa5 11. Bb2 Bf5 12. Rfc1 Be4 13. Nc4 Qa4 14. Ncd2 Na5 15.
c4 Rac8 16. d5 a6 17. Bh3 Rcd8 18. Nxe4 Nxe4 19. Bf1 Bxb2 20. Qxb2 Nd6 21. Nd2
b5 22. cxb5 axb5 23. Qe5 c4 24. Qxe7 Nf5 25. Qe5 Rfe8 26. Qb2 Rxd5 27. e4 Rxd2
28. Qxd2 Rxe4 29. Bg2 Re6 30. Rab1 Nc6 31. Bxc6 Rxc6 32. Qd5 Rc8 33. Rxb5 Nd4
34. Rb7 Ne2+ 35. Kf1 Qe8 36. Re1 Rd8 37. Qxc4 Rd2 38. Rxe2 Rd1+ 39. Kg2 1-0

[Event "Altensteig"]
[Site "Altensteig"]
[Date "1989.??.??"]
[Round "?"]
[White "Adorjan, Andras"]
[Black "Lau, Ralf"]
[Result "1/2-1/2"]
[WhiteElo "2530"]
[BlackElo "2470"]
[PlyCount "57"]
[EventDate "1989.07.??"]
[EventType "tourn"]
[EventRounds "11"]
[EventCountry "GER"]
[EventCategory "10"]
[Source "ChessBase"]
[SourceDate "1990.02.01"]
[WhiteTeamCountry "YUG"]
[BlackTeamCountry "HUN"]

1. Nf3 g6 2. c4 Bg7 3. d4 d6 4. g3 Nd7 5. Bg2 e5 6. Nc3 Ne7 7. O-O O-O 8. dxe5
dxe5 9. Qc2 c6 10. Rd1 h6 11. Ne4 Nf5 12. b3 Qe7 13. Bb2 Nf6 14. Nxf6+ Bxf6 15.
Bc3 Re8 16. Qb2 Bg7 17. e4 Nd6 18. Bxe5 Bxe5 19. Qxe5 Qxe5 20. Nxe5 Nxe4 21.
Bxe4 Rxe5 22. Rd8+ Kg7 23. Bg2 Re7 24. h4 h5 25. Bh3 f5 26. Rad1 a5 27. a4 Rb8
28. Bf1 f4 29. Kh2 1/2-1/2

[Event "Altensteig"]
[Site "Altensteig"]
[Date "1989.??.??"]
[Round "?"]
[White "Adorjan, Andras"]
[Black "Luecke, Norbert"]
[Result "1/2-1/2"]
[WhiteElo "2530"]
[BlackElo "2415"]
[PlyCount "67"]
[EventDate "1989.07.??"]
[EventType "tourn"]
[EventRounds "11"]
[EventCountry "GER"]
[EventCategory "10"]
[Source "ChessBase"]
[SourceDate "1990.02.01"]
[WhiteTeamCountry "YUG"]
[BlackTeamCountry "HUN"]

1. c4 Nf6 2. Nc3 e5 3. Nf3 Nc6 4. g3 d5 5. cxd5 Nxd5 6. Bg2 Nb6 7. d3 Be7 8. a3
O-O 9. O-O Be6 10. b4 a5 11. b5 Nd4 12. Bb2 Bb3 13. Qc1 Bd5 14. Nxd4 Bxg2 15.
Ne6 fxe6 16. Kxg2 a4 17. Ne4 Bd6 18. Bc3 Qe8 19. Qb2 Qh5 20. f3 Nd5 21. Bd2
Rfd8 22. Rfc1 Qf7 23. Rc4 Qf8 24. Qa2 Qe8 25. Rb1 h6 26. Nc5 Rdb8 27. Nxa4 Qe7
28. Bc1 Ra5 29. Qc2 Bxa3 30. Bd2 Raa8 31. e4 Nf6 32. Rxc7 Qd6 33. b6 Rd8 34.
Qc4 1/2-1/2

[Event "Altensteig"]
[Site "Altensteig"]
[Date "1989.??.??"]
[Round "?"]
[White "Brunner, Lucas"]
[Black "Adorjan, Andras"]
[Result "1-0"]
[WhiteElo "2505"]
[BlackElo "2530"]
[PlyCount "67"]
[EventDate "1989.07.??"]
[EventType "tourn"]
[EventRounds "11"]
[EventCountry "GER"]
[EventCategory "10"]
[Source "ChessBase"]
[SourceDate "1990.02.01"]
[WhiteTeamCountry "YUG"]
[BlackTeamCountry "HUN"]

1. e4 c5 2. Nf3 e6 3. d4 cxd4 4. Nxd4 Nf6 5. Nc3 d6 6. g4 h6 7. h4 Nc6 8. Rg1
h5 9. gxh5 Rxh5 10. Bg5 Rh8 11. Qd2 Qb6 12. Nb3 a6 13. Be2 Qc7 14. h5 b5 15. a3
Nxh5 16. Rh1 g6 17. Bxh5 Ne5 18. Qe2 gxh5 19. Rxh5 Rxh5 20. Qxh5 Bb7 21. O-O-O
Rc8 22. f4 Nc4 23. Bf6 d5 24. f5 dxe4 25. Nd4 Qf4+ 26. Kb1 Qh6 27. Qxh6 Bxh6
28. Rh1 Bf8 29. fxe6 Nxa3+ 30. bxa3 Rxc3 31. Rh8 Rc7 32. e7 Rxe7 33. Bxe7 Kxe7
34. Nf5+ 1-0

[Event "Altensteig"]
[Site "Altensteig"]
[Date "1989.??.??"]
[Round "?"]
[White "Kosten, Anthony"]
[Black "Adorjan, Andras"]
[Result "1/2-1/2"]
[WhiteElo "2500"]
[BlackElo "2530"]
[PlyCount "38"]
[EventDate "1989.07.??"]
[EventType "tourn"]
[EventRounds "11"]
[EventCountry "GER"]
[EventCategory "10"]
[Source "ChessBase"]
[SourceDate "1990.02.01"]
[WhiteTeamCountry "YUG"]
[BlackTeamCountry "HUN"]

1. e4 c5 2. Nf3 e6 3. d4 cxd4 4. Nxd4 Nf6 5. Nc3 d6 6. f4 a6 7. Bd3 Nbd7 8. Nf3
Nc5 9. O-O Be7 10. a3 O-O 11. b4 Nxd3 12. cxd3 b5 13. Bb2 Bb7 14. h3 Rc8 15.
Rc1 Qb6+ 16. Kh2 Qe3 17. Ne2 Rxc1 18. Bxc1 Qb6 19. Bb2 Rc8 1/2-1/2

[Event "Altensteig"]
[Site "Altensteig"]
[Date "1989.??.??"]
[Round "?"]
[White "Mohr, Stefan"]
[Black "Adorjan, Andras"]
[Result "1/2-1/2"]
[WhiteElo "2485"]
[BlackElo "2530"]
[PlyCount "31"]
[EventDate "1989.07.??"]
[EventType "tourn"]
[EventRounds "11"]
[EventCountry "GER"]
[EventCategory "10"]
[Source "ChessBase"]
[SourceDate "1990.02.01"]
[WhiteTeamCountry "YUG"]
[BlackTeamCountry "HUN"]

1. d4 Nf6 2. c4 e6 3. Nc3 Bb4 4. Qc2 c5 5. dxc5 O-O 6. a3 Bxc5 7. Nf3 b6 8. Bg5
Bb7 9. e4 h6 10. Bh4 Be7 11. Be2 d6 12. Rd1 Nbd7 13. O-O Qc7 14. Bg3 a6 15. h3
Rfd8 16. Qb1 1/2-1/2

[Event "Altensteig"]
[Site "Altensteig"]
[Date "1989.??.??"]
[Round "?"]
[White "Stangl, Markus"]
[Black "Adorjan, Andras"]
[Result "1/2-1/2"]
[WhiteElo "2375"]
[BlackElo "2530"]
[PlyCount "28"]
[EventDate "1989.07.??"]
[EventType "tourn"]
[EventRounds "11"]
[EventCountry "GER"]
[EventCategory "10"]
[Source "ChessBase"]
[SourceDate "1990.02.01"]
[WhiteTeamCountry "YUG"]
[BlackTeamCountry "HUN"]

1. Nf3 c5 2. c4 Nf6 3. Nc3 e6 4. g3 b6 5. Bg2 Bb7 6. O-O d6 7. d4 cxd4 8. Qxd4
a6 9. Ng5 Bxg2 10. Kxg2 Be7 11. Be3 Nbd7 12. Nge4 Qc7 13. Rfd1 O-O 14. Rac1
Rfd8 1/2-1/2

[Event "Altensteig"]
[Site "Altensteig"]
[Date "1989.??.??"]
[Round "?"]
[White "Wahls, Matthias"]
[Black "Adorjan, Andras"]
[Result "1/2-1/2"]
[WhiteElo "2535"]
[BlackElo "2530"]
[PlyCount "91"]
[EventDate "1989.07.??"]
[EventType "tourn"]
[EventRounds "11"]
[EventCountry "GER"]
[EventCategory "10"]
[Source "ChessBase"]
[SourceDate "1990.02.01"]
[WhiteTeamCountry "YUG"]
[BlackTeamCountry "HUN"]

1. e4 c6 2. d4 d5 3. exd5 cxd5 4. c4 Nf6 5. Nc3 g6 6. Qb3 Bg7 7. cxd5 O-O 8.
Be2 Na6 9. Bf3 Qb6 10. Qxb6 axb6 11. Nge2 Nb4 12. O-O Rd8 13. d6 Rxd6 14. Bf4
Rd7 15. Rfd1 Nbd5 16. Be5 Rd8 17. Nf4 Nxf4 18. Bxf4 Bg4 19. Bxb7 Bxd1 20. Bxa8
Bg4 21. Bb7 Rxd4 22. Be3 Rd7 23. Ba6 Rd6 24. Rc1 Nd5 25. Nxd5 Rxd5 26. b4 Bb2
27. Rf1 Bd4 28. a4 Bxe3 29. fxe3 Rd2 30. Bc4 Be2 31. Bxe2 Rxe2 32. Ra1 Rxe3 33.
a5 bxa5 34. bxa5 Rb3 35. a6 Rb8 36. Kf2 Kf8 37. Ke3 Ke8 38. Kd4 Kd7 39. Kc5 Kc7
40. g4 h6 41. h4 f6 42. Re1 e5 43. Rf1 Rf8 44. Kd5 Rd8+ 45. Kc5 Rf8 46. Kd5
1/2-1/2

[Event "Kusadasi op"]
[Site "Kusadasi"]
[Date "1990.??.??"]
[Round "1"]
[White "Onat, Ilhan"]
[Black "Adorjan, Andras"]
[Result "0-1"]
[WhiteElo "2360"]
[BlackElo "2520"]
[PlyCount "64"]
[EventDate "1990.??.??"]
[Source "ChessBase"]
[SourceDate "1999.11.16"]
[WhiteTeamCountry "GER"]
[BlackTeamCountry "GER"]

1. d4 Nf6 2. Nf3 e6 3. Nbd2 c5 4. e3 b6 5. Bd3 Bb7 6. O-O Be7 7. Qe2 O-O 8. b3
cxd4 9. exd4 Nd5 10. Be4 Qc7 11. c4 Nf4 12. Qe3 d5 13. Ne5 dxe4 14. Qxf4 f6 15.
Nd3 Bd6 16. Qe3 exd3 17. Qxe6+ Kh8 18. Qh3 Nc6 19. Bb2 Rad8 20. Rad1 Bc8 21.
Qxd3 Bxh2+ 22. Kh1 Be5 23. Nf3 Bg4 24. Qe3 Bxf3 25. gxf3 Bxd4 26. Bxd4 Rfe8 27.
Bxb6 axb6 28. Rxd8 Qxd8 29. Qf4 Re5 30. Rg1 Rh5+ 31. Kg2 Qd7 32. Rh1 Rg5+ 0-1

[Event "Kusadasi op"]
[Site "Kusadasi"]
[Date "1990.??.??"]
[Round "5"]
[White "Naumkin, Igor"]
[Black "Adorjan, Andras"]
[Result "1-0"]
[WhiteElo "2455"]
[BlackElo "2520"]
[PlyCount "53"]
[EventDate "1990.??.??"]
[Source "ChessBase"]
[SourceDate "1999.11.16"]
[WhiteTeamCountry "GER"]
[BlackTeamCountry "GER"]

1. d4 Nf6 2. Nf3 e6 3. c4 b6 4. a3 Bb7 5. Nc3 d5 6. cxd5 Nxd5 7. Qc2 Nxc3 8.
bxc3 c5 9. e4 Nc6 10. Bb2 cxd4 11. cxd4 Rc8 12. Rd1 Bd6 13. d5 exd5 14. exd5
Qe7+ 15. Be2 Na5 16. Qa4+ Kd8 17. Bxg7 Rg8 18. Qd4 Rc2 19. Bf6 Rxe2+ 20. Kf1
Ba6 21. Kg1 Bc5 22. Bxe7+ Kxe7 23. d6+ Ke6 24. Qd5+ Kf6 25. Nd4 Rb2 26. Qf5+
Kg7 27. Qg5+ 1-0

[Event "Kusadasi op"]
[Site "Kusadasi"]
[Date "1990.??.??"]
[Round "8"]
[White "Adorjan, Andras"]
[Black "Tseitlin, Mikhail"]
[Result "1/2-1/2"]
[WhiteElo "2520"]
[BlackElo "2465"]
[PlyCount "24"]
[EventDate "1990.??.??"]
[Source "ChessBase"]
[SourceDate "1999.11.16"]
[WhiteTeamCountry "GER"]
[BlackTeamCountry "GER"]

1. c4 f5 2. d4 Nf6 3. g3 d6 4. Nf3 g6 5. Bg2 Bg7 6. O-O O-O 7. Nc3 Nc6 8. d5
Na5 9. Nd2 c5 10. Rb1 e5 11. dxe6 Bxe6 12. b3 d5 1/2-1/2

[Event "Paris-ch op"]
[Site "Paris"]
[Date "1990.??.??"]
[Round "?"]
[White "Adorjan, Andras"]
[Black "Bode, Ulf"]
[Result "1/2-1/2"]
[WhiteElo "2520"]
[BlackElo "2235"]
[PlyCount "41"]
[EventDate "1990.05.??"]
[EventType "swiss"]
[EventRounds "9"]
[EventCountry "FRA"]
[Source "ChessBase"]
[SourceDate "1996.11.15"]
[WhiteTeamCountry "GER"]
[BlackTeamCountry "GER"]

1. d4 Nf6 2. Nf3 g6 3. c4 Bg7 4. g3 O-O 5. Bg2 d6 6. O-O Nbd7 7. Nc3 e5 8. h3
Re8 9. Re1 c6 10. e4 exd4 11. Nxd4 a5 12. Rb1 h6 13. b3 Nc5 14. Re2 Qb6 15. Be3
Bd7 16. Qc2 Re7 17. Nf3 Qc7 18. Bd4 Ne6 19. Be3 Nc5 20. Bd4 Ne6 21. Be3 1/2-1/2

[Event "Paris-ch op"]
[Site "Paris"]
[Date "1990.??.??"]
[Round "?"]
[White "Adorjan, Andras"]
[Black "Prie, Eric"]
[Result "1-0"]
[WhiteElo "2520"]
[BlackElo "2435"]
[PlyCount "145"]
[EventDate "1990.05.??"]
[EventType "swiss"]
[EventRounds "9"]
[EventCountry "FRA"]
[Source "ChessBase"]
[SourceDate "1996.11.15"]
[WhiteTeamCountry "GER"]
[BlackTeamCountry "GER"]

1. d4 e6 2. c4 b6 3. Nf3 Bb7 4. g3 Bb4+ 5. Bd2 Bxf3 6. exf3 Bxd2+ 7. Qxd2 d5 8.
Bg2 c6 9. O-O Ne7 10. Na3 O-O 11. Rac1 a6 12. Rfd1 b5 13. b3 Nd7 14. Nc2 Qb6
15. Ne3 Nf6 16. Bf1 Ra7 17. a4 b4 18. c5 Qa5 19. Nc2 Rb8 20. Bd3 Qd8 21. a5
Qxa5 22. Ra1 Qd8 23. Bxa6 Rba8 24. Bd3 Rxa1 25. Rxa1 Rxa1+ 26. Nxa1 Qa5 27. Nc2
e5 28. dxe5 Nd7 29. Qxb4 Qxb4 30. Nxb4 Nxc5 31. Bc2 Ne6 32. f4 c5 33. Na2 Nc6
34. Nc3 Nb4 35. Bd1 Kf8 36. Kf1 Ke7 37. Bf3 Nc7 38. Ke2 Kd7 39. Kd2 Kc6 40. f5
f6 41. exf6 gxf6 42. Bd1 Kd6 43. f4 Nc6 44. g4 Nd4 45. h3 Na6 46. Ne2 Nxe2 47.
Bxe2 Nb4 48. Bb5 Ke7 49. g5 Kf7 50. Bd7 Kg7 51. Be6 h6 52. h4 Kh7 53. Ke2 Kg7
54. Kd2 Kh7 55. gxf6 Kh8 56. Bf7 Kh7 57. Ke2 Kh8 58. Kf2 Kh7 59. Kg3 Kh8 60.
Kg4 Kh7 61. Be6 Kh8 62. Kh5 Kh7 63. f7 Kg7 64. f6+ Kf8 65. Kxh6 c4 66. bxc4
dxc4 67. Bxc4 Nd5 68. f5 Ne3 69. Bd3 Ng4+ 70. Kg5 Ne5 71. Be4 Nd7 72. Bb1 Nxf6
73. h5 1-0

[Event "Paris-ch op"]
[Site "Paris"]
[Date "1990.??.??"]
[Round "?"]
[White "Adorjan, Andras"]
[Black "Ruf, Matthias"]
[Result "1/2-1/2"]
[WhiteElo "2520"]
[BlackElo "2295"]
[PlyCount "67"]
[EventDate "1990.05.??"]
[EventType "swiss"]
[EventRounds "9"]
[EventCountry "FRA"]
[Source "ChessBase"]
[SourceDate "1996.11.15"]
[WhiteTeamCountry "GER"]
[BlackTeamCountry "GER"]

1. c4 e6 2. Nc3 d5 3. d4 Be7 4. cxd5 exd5 5. Bf4 c6 6. e3 Bf5 7. Nge2 Nd7 8.
Ng3 Be6 9. Nh5 Kf8 10. Bg3 f5 11. Bd3 g6 12. Nf4 Bf7 13. Bc2 Ngf6 14. O-O Kg7
15. h3 Re8 16. Nd3 Ne4 17. Bf4 Bf6 18. Rc1 Qe7 19. Bb1 Kg8 20. Re1 Bh4 21. a3
Nb6 22. Ba2 Rad8 23. Re2 Bf6 24. Be5 Nd7 25. Bxf6 Qxf6 26. Qa4 a6 27. Qb4 Rb8
28. f4 Ng3 29. Ree1 g5 30. Ne5 Nxe5 31. fxe5 Qh6 32. Ne2 Ne4 33. Kh2 g4 34. Nf4
1/2-1/2

[Event "Paris-ch op"]
[Site "Paris"]
[Date "1990.??.??"]
[Round "?"]
[White "Adorjan, Andras"]
[Black "Wallyn, Alexandre"]
[Result "1/2-1/2"]
[WhiteElo "2520"]
[BlackElo "2275"]
[PlyCount "63"]
[EventDate "1990.05.??"]
[EventType "swiss"]
[EventRounds "9"]
[EventCountry "FRA"]
[Source "ChessBase"]
[SourceDate "1996.11.15"]
[WhiteTeamCountry "GER"]
[BlackTeamCountry "GER"]

1. d4 d5 2. c4 dxc4 3. Nf3 Nf6 4. e3 e6 5. Bxc4 a6 6. Qe2 b5 7. Bd3 c5 8. dxc5
Bxc5 9. O-O Nbd7 10. a3 Bb7 11. b4 Bb6 12. Bb2 O-O 13. Nbd2 Re8 14. Rfd1 Qe7
15. Ng5 Nf8 16. Nde4 Nd5 17. Qh5 f5 18. Nd6 Nxe3 19. Re1 g6 20. Ndf7 e5 21. Qh3
Ng4 22. Rxe5 Bxf2+ 23. Kf1 Qd7 24. Rd1 Bd4 25. Bxf5 Rxe5 26. Bxd7 Ne3+ 27. Qxe3
Bxe3 28. Nh6+ Kg7 29. Bxe5+ Kxh6 30. Nf7+ Kh5 31. Rd3 Nxd7 32. Rxe3 1/2-1/2

[Event "Paris-ch op"]
[Site "Paris"]
[Date "1990.??.??"]
[Round "?"]
[White "Andruet, Gilles"]
[Black "Adorjan, Andras"]
[Result "0-1"]
[WhiteElo "2355"]
[BlackElo "2520"]
[PlyCount "50"]
[EventDate "1990.05.??"]
[EventType "swiss"]
[EventRounds "9"]
[EventCountry "FRA"]
[Source "ChessBase"]
[SourceDate "1996.11.15"]
[WhiteTeamCountry "GER"]
[BlackTeamCountry "GER"]

1. d4 Nf6 2. c4 e6 3. Nf3 b6 4. g3 Ba6 5. b3 b5 6. cxb5 Bxb5 7. Bg2 Bb4+ 8. Bd2
a5 9. O-O O-O 10. Re1 Bc6 11. Ne5 Bxg2 12. Kxg2 Qc8 13. Qc2 c5 14. dxc5 Bxc5
15. Nf3 d5 16. Nc3 Bb4 17. Qb2 Qb7 18. a3 Be7 19. Na4 Ne4 20. Be3 Nd7 21. Kg1
e5 22. Rec1 Bf6 23. Rc2 d4 24. Bd2 Nxd2 25. Rxd2 d3 0-1